Lawrence Taylor Quiz - Statistics

General Stats
  • This quiz has been taken 13 times
    8 since last reset
  • The average score is 10 of 15
Answer Stats
Hint Answer % Correct
How many Super Bowls did he win? 2
100%
How many sacks did Lawrence Taylor have in his rookie season? 9
100%
How many pro bowls did he play in? 10
88%
What year did he retire? 1993
88%
What year was he inducted into the Hall of Fame 1999
88%
What year was he drafted? 1981
75%
What was his number? 56
75%
He is one of two Defensive players to win what award? MVP
75%
Whose career did he end? Joe Theismann
63%
What is his nickname? L.T
63%
What was his college number 98
50%
What was the name of the 1986 Giants Defense? Big Blue Wrecking Crew
50%
What years did he win the Super Bowl? 1987, 1991
38%
What college did he play for? UNC
38%
What was his off-field persona? Party Animal
13%
No matching quizzes found
Score Distribution
Percent of People with Each Score
Percentile by Number Answered
Your Score History
You have not taken this quiz since the last reset